| 000 | 00875njm a2200265Ia 4500 | ||
|---|---|---|---|
| 001 | 21263 | ||
| 003 | IT-RoPAU | ||
| 005 | 20220918181138.0 | ||
| 008 | 131025s9999 xx 000 0 und d | ||
| 040 | _aIT-RoPAU | ||
| 040 | _cIT-RoPAU | ||
| 999 |
_c101063 _d101063 |
||
| 999 | _bn.d. | ||
| 100 |
_aVivaldi Antonio _95502 |
||
| 100 |
_eAutore musica _95503 |
||
| 100 |
_gCodice autore musica SPICS: 11195 _95504 |
||
| 245 | _aQuattro stagioni (Le) | ||
| 250 | _a1a ed. | ||
| 260 | _aROMA | ||
| 260 |
_bSPICS RECORDS _c1982 [1a Ed.:1982] |
||
| 300 | _aMUSICASSETTA | ||
| 500 | _aMusica sinfonica. Musica classica. | ||
| 505 | _aConcerto N 1 in mi mag p 241 "La Primavera" - Concerto N 2 in sol mag p 336 "L'estate" - Concerto N 3 in fa mag p 257 "L'autunno" - Concerto N 4 in fa min p 442 "L'inverno" | ||
| 650 |
_aSINFONICA [CASSETTE] _eCodice MATERIA SPICS: 9951 _91385 |
||
| 942 |
_cMC _2ddc |
||